| 000 | 00715nam a2200229Ii 4500 | ||
|---|---|---|---|
| 003 | JO-AjNU | ||
| 008 | 230605s9999||||xx |||||||||||||| ||und|| | ||
| 017 | _a2012/6/2289 | ||
| 020 | _a978-9957-33-300-3 | ||
| 040 |
_aJO-AjNU _bara _erda _cJO-AjNU |
||
| 041 | _aara | ||
| 050 | 1 | 4 | _aBJ2007.2013 |
| 100 | 3 |
_aشمو، داود سليمان, _eauthor _951355 |
|
| 245 | 0 | 0 | _aالإتيكيت وفن التعامل |
| 250 | _aط1 | ||
| 264 | 3 | 1 | _aعمان: مؤسسة الوراق للنشر والتوزيع، 2013 |
| 300 | _a222ص | ||
| 336 |
_atext _btxt _2rdacontent |
||
| 337 |
_aunmediated _bn _2rdamedia |
||
| 338 |
_avolume _bnc _2rdacarrier |
||
| 650 | 4 |
_aاداب السلوك - الاتيكيت _951356 |
|
| 999 |
_aA22678 _c26246 _d26246 |
||